000 01011nam a2200277 i 4500
003 DO-SdBNP
005 20260211080037.0
007 ta
008 260211b2025 dr ||||| |||| 00| 0 spa d
020 _a9789945637939
040 _aDO-SdBNP
_bspa
_cBNPHU
_erda
041 _aspa
082 4 _axxx
_bxxx
_222
100 _aSoberón Torchia, Edgar,
_eautor
_4aut.
_939059
245 1 0 _aPanabulario. Compilación narrativa :
_bla historia de Dorita Kiñones y otros feminismos /
_cÉdgar Soberón Torcha ; coordinación editorial, Mayda Acosta Alegre
264 4 _aSan Juan, Puerto Rico :
_bEditorial Isla Negra ;
_bCrayón Rojo Editores,
_c©2025.
300 _a291 páginas ;
_c22 cm.
336 _atexto
_btxt
_2rdacontent
337 _asin mediación
_bn
_2rdamedia
338 _avolumen
_bnc
_2rdacarrier
490 1 _aColección El Canon Secuestrado
590 _aInventariado, 2026/BT
700 _aAcosta Alegre, Mayda,
_ecordinador editorial
_4coord. ed.
_988996
910 _abtavárez
942 _2ddc
_cLBS1
999 _c60290
_d60290